Представление документа в формате MARC21

Поле Инд. ПП Название Значение
Тип записи a
Библиографический уровень m
001 Контрольный номер RU/IS/BASE/370718423
005 Дата корректировки 20250425175242.0
008 Кодируемые данные 20110930
040 00 e Правила каталог. Л 971126
084 a Индекс другой классификации/Индекс ББК 84(4Вел)52-44
090 00 a Полочн. индекс 84(4Вел)52-44
x Авторский знак Т 305
097 00 a 230
100 10 a Автор Теккерей У. М.
q Полное имя Теккерей Уильям Мейкпис
245 00 a Заглавие Ярмарка тщеславия
b Продолж. заглавия роман без героя
c Ответственность перевод с английского М. Дьяконова; под редакцией Р. Гальпериной, М. Лорие; предисловие М. Урнова; примечание М. Черневич; художник Г. А. Раковский
n Номер части/ раздела Ч.1
260 00 a Место издания Москва
b Издательство Правда
c Дата издания 1982
300 00 a Объем 496 с.
b Иллюстрации/ тип воспроизводства ил.
336 a Термин вида содержания Текст
337 a Термин типа средства непосредственный
650 04 a Основная рубрика художественная литература
653 00 a Ключевые слова XIX век
a Ключевые слова английская литература
a Ключевые слова Великобритания
655 00 a Жанр/ форма (устаревшее) проза
a Жанр/ форма (устаревшее) роман
700 10 a Автор Урнов М. В.
e Роль лиц автор предисловия
700 10 a Автор Черневич М.
e Роль лиц автор примечаний
700 10 a Автор Гальперина Р.
e Роль лиц редактор
700 10 a Автор Лорие М.
e Роль лиц редактор; автор примечаний
700 10 a Автор Дьяконов М.
e Роль лиц переводчик
700 1_ a Автор Преснова Н. А.
e Роль лиц редактор
700 1_ a Автор Раковский Г. А.
e Роль лиц художник
787 18 w Контрольный номер связываемой записи RU/IS/BASE/264546357
w Контрольный номер связываемой записи RU/IS/BASE/264546355
901 t Тип документа m
952 a Тип литературы для КСУ ВШ ЛХИ